000 01680nam a2200397 i 4500
001 197622
003 ES-MaACL
005 20250805062652.0
007 ta
008 000726s2000 sp | ||| ||spa
016 7 _abimoBNE20001594065
_2SpMaBN
017 _aM 18498-2000
_bOficina Depósito Legal Madrid
020 _a8495146339
035 _a(OCoLC)44108599
035 _a(SpMaBN)Mimo0001576872
035 _a991057861929708606
040 _aSpMaBN
_bspa
_cSpMaBN
_erdc
080 _a929 Carlos (460) I (064.3)
080 _a946.0"1516/56"(064.3)
245 0 0 _aCarlos V, las armas y las letras :
_bHospital Real, Granada, 14 de abril-25 de junio, 2000
260 _a[Madrid]
_bSociedad Estatal para la Conmemoración de los Centenarios de Felipe II y Carlos V
_c[2000]
300 _a562 páginas
_bilustraciones a color y blanco y negro
_c29 cm
336 _2rdacontent
_atexto
337 _2rdamedia
_asin mediación
338 _2rdacarrier
_avolumen
504 _aBibliografía: p. 533-562
600 0 4 _aCarlos
_bI,
_cRey de España-
_vExposiciones
_935300
651 4 _aEspaña-
_xHistoria-
_y1516-1556, Carlos I-
_vExposiciones
_2embne
_98226
710 2 _aSociedad Estatal para la Conmemoración de los Centenarios de Felipe II y Carlos V
_96763
852 _aES-MaACL
_cDEPO1
_jA-15710
_hDonación: Fernando Codina Rodríguez
_xEncuadernación rústica con solapas
_9206068
903 _aCodina Rodríguez, Fernando
_ednr
_9238631
942 _n0
_cMONOGRAFIA
999 _c197622
_d197622